Catálogo público

Engorda de conejos con dietas altas en fibra a base de alfalfa y kochia (Kochia scoparia) (L) (Schrad) / (Record no. 165378)

MARC details
000 -CABECERA
campo de control de longitud fija 00917nam a2200301Ia 4500
001 - NÚMERO DE CONTROL
campo de control Z_2321
003 - IDENTIFICADOR DEL NÚMERO DE CONTROL
campo de control CHAP
008 - DATOS DE LONGITUD FIJA--INFORMACIÓN GENERAL
campo de control de longitud fija 220113s1992 xx 000 0 und d
010 ## - NÚMERO DE CONTROL DE LA BIBLIOTECA DEL CONGRESO
Número de control de LC 165378
040 ## - FUENTE DE LA CATALOGACIÓN
Centro/agencia transcriptor CHAP
090 ## - LOCALMENTE ASIGNADO TIPO-LC NÚMERO DE CLASIFICACIÓN (OCLC); NÚMERO DE CLASIFICACIÓN LOCAL (RLIN)
Número de clasificación (OCLC) (R) ; Numero de clasificación, CALL (RLIN) (NR) Tesis G 830
100 ## - ENTRADA PRINCIPAL--NOMBRE DE PERSONA
Nombre de persona Gamboa Ramírez, Cesar
9 (RLIN) 44575
245 ## - MENCIÓN DE TÍTULO
Título Engorda de conejos con dietas altas en fibra a base de alfalfa y kochia (Kochia scoparia) (L) (Schrad) /
Mención de responsabilidad, etc. por Cesar Gamboa Ramírez y Carlos García Chávez
260 ## - PUBLICACIÓN, DISTRIBUCIÓN, ETC.
Lugar de publicación, distribución, etc. Chapingo, Méx. :
Nombre del editor, distribuidor, etc. El autor,
Fecha de publicación, distribución, etc. 1992
300 ## - DESCRIPCIÓN FÍSICA
Extensión 58 h.
502 ## - NOTA DE TESIS
Nota de tesis Tesis (Ing. Agr. Esp. en Zootecnia) -- UACH. Departamento de Zootecnia
650 ## - PUNTO DE ACCESO ADICIONAL DE MATERIA--TÉRMINO DE MATERIA
Término de materia o nombre geográfico como elemento de entrada Alfalfa
650 ## - PUNTO DE ACCESO ADICIONAL DE MATERIA--TÉRMINO DE MATERIA
Término de materia o nombre geográfico como elemento de entrada Conejos
Subdivisión general Engorda
9 (RLIN) 26363
650 ## - PUNTO DE ACCESO ADICIONAL DE MATERIA--TÉRMINO DE MATERIA
Término de materia o nombre geográfico como elemento de entrada Conejos
Subdivisión general Nutrición
9 (RLIN) 26372
650 ## - PUNTO DE ACCESO ADICIONAL DE MATERIA--TÉRMINO DE MATERIA
Término de materia o nombre geográfico como elemento de entrada Kochia scoparia
9 (RLIN) 63592
700 ## - PUNTO DE ACCESO ADICIONAL--NOMBRE DE PERSONA
Nombre de persona García Chávez, Carlos
9 (RLIN) 45857
901 ## - ELEMENTOS DE DATOS A LOCAL LDA (RLIN)
a TESIS G 830
902 ## - ELEMENTOS DE DATOS B LOCAL, LDB (RLIN)
a M
910 ## - DATOS DE OPCIÓN DEL USUARIO (OCLC)
Datos de opción del usuario 1992
942 ## - ELEMENTOS DE PUNTO DE ACCESO ADICIONAL (KOHA)
Tipo de ítem Koha Tesis_
942 ## - ELEMENTOS DE PUNTO DE ACCESO ADICIONAL (KOHA)
Tipo de ítem Koha Tesis_
Holdings
Estado de retiro Estado de pérdida Fuente del sistema de clasificación o colocación Estado dañado Restricciones de uso No para préstamo Código de colección Localización permanente Ubicación/localización actual Fecha de adquisición Fuente de adquisición Total de préstamos Signatura topográfica completa Código de barras Fecha visto por última vez Número de copia Precio válido a partir de Tipo de ítem Koha Fecha del último préstamo
    Clasificación Universidad Autónoma de Chapingo   Préstamo interno   Tesis Zootecnia Zootecnia 09/11/2005 El autor   Tesis G36 830 1992 5101001186 18/01/2022 Ej.1 18/01/2022 Tesis  
    Clasificación Universidad Autónoma de Chapingo   Préstamo 5 días   Tesis Zootecnia Zootecnia 09/11/2005 El autor 1 Tesis G36 830 1992 5101001187 09/02/2024 Ej.2 18/01/2022 Tesis 09/02/2024